000 00536nam a22001577a 4500
005 20090304164321.0
008 090304t xxu||||| |||| 00| 0 eng d
037 _bDPL/PUB
245 _aThe World wisdom review
260 _aNew Delhi
_bFull Circle Bookstores
_c2009-
300 _av.
_c26 cm
310 _amonthly
270 _a5B, Khan Market
_bNew Delhi
_e110003
_k24655641/2/3
_mfullcircle@vsnl.com
_zatfullcircle.com
942 _2ddc
_cSR
_s1
999 _c24810
_d24810